Enhancing Salient Features in Volumetric Data Using Illumination and Transfer Functions.

Bibliographic Details
Main Author: Jönsson, Daniel.
Format: eBook
Language:English
Published: Linköping : Linkopings Universitet, 2016.
Edition:1st ed.
Series:Linköping Studies in Science and Technology. Dissertations Series
Subjects:
Online Access:Click to View
LEADER 02067nam a22003853i 4500
001 EBC4714950
003 MiAaPQ
005 20240729202201.0
006 m o d |
007 cr cnu||||||||
008 240729s2016 xx o ||||0 eng d
020 |a 9789176856895  |q (electronic bk.) 
035 |a (MiAaPQ)EBC4714950 
035 |a (Au-PeEL)EBL4714950 
035 |a (CaPaEBR)ebr11280083 
035 |a (OCoLC)960753901 
040 |a MiAaPQ  |b eng  |e rda  |e pn  |c MiAaPQ  |d MiAaPQ 
100 1 |a Jönsson, Daniel. 
245 1 0 |a Enhancing Salient Features in Volumetric Data Using Illumination and Transfer Functions. 
250 |a 1st ed. 
264 1 |a Linköping :  |b Linkopings Universitet,  |c 2016. 
264 4 |c {copy}2016. 
300 |a 1 online resource (81 pages) 
336 |a text  |b txt  |2 rdacontent 
337 |a computer  |b c  |2 rdamedia 
338 |a online resource  |b cr  |2 rdacarrier 
490 1 |a Linköping Studies in Science and Technology. Dissertations Series ;  |v v.1789 
505 0 |a Intro -- Acknowledgments -- Abstract -- Populärvetenskaplig Sammanfattning -- Publications -- Contributions -- Contents -- Chapter 1 Motivation -- Chapter 2 Introduction -- Chapter 3 Selected challenges in volume data exploration -- Chapter 4 Enhancing and exploring salient features in volume data (contributions) -- Chapter 5 Concluding remarks -- Bibliography. 
588 |a Description based on publisher supplied metadata and other sources. 
590 |a Electronic reproduction. Ann Arbor, Michigan : ProQuest Ebook Central, 2024. Available via World Wide Web. Access may be limited to ProQuest Ebook Central affiliated libraries.  
655 4 |a Electronic books. 
776 0 8 |i Print version:  |a Jönsson, Daniel  |t Enhancing Salient Features in Volumetric Data Using Illumination and Transfer Functions  |d Linköping : Linkopings Universitet,c2016 
797 2 |a ProQuest (Firm) 
830 0 |a Linköping Studies in Science and Technology. Dissertations Series 
856 4 0 |u https://ebookcentral.proquest.com/lib/matrademy/detail.action?docID=4714950  |z Click to View